000 00304nam a2200133Ia 4500
005 20260328104323.0
008 260328s9999||||xx |||||||||||||| ||und||
100 _aBotia, Lola
245 0 _aFernando Higueras /
_cLola Botia
260 _bXarait
300 _a171 p.
650 _aVIVIENDA
942 _cBK
999 _c11416
_d11416